000 00426nam a2200145 a 4500
005 20140412111416.0
008 070809s19uu xx 00 eng d
020 _a0-439-70908-3
050 _aTR(PS) E
_bEl53 2003
100 _aChodos-Irvine, Margaret
245 _aElla Sarah gets dressed /
_cMargaret Chodos-Irvine.
260 _aNew York :
_bScholastic,
_cc2003.
300 _a[unp.] : col. , ill. ; cm.
999 _c105840
_d105840